Geography Quiz

Random Geography or State Quiz

US Top 10 Least Visited National Parks Quiz Stats

 Plays Quiz not verified by Sporcle

Challenge
Share
Tweet
Embed
Score 0/10 Timer 02:00
0 Plays Today
Annual Visitors National Park % Correct
11,000Gates Of The Arctic
68.6%
19,000Isle Royale
66.7%
86,000Congaree
60.8%
116,000Great Basin
60.8%
21,000North Cascades
58.8%
71,000Dry Tortugas
52.9%
38,000Katmai
49%
80,000Wrangell-St. Elias
49%
16,000Kobuk Valley
47.2%
18,000Lake Clark
47.1%

You're not logged in!

Compare scores with friends on all Sporcle quizzes.
OR
Log In

You Might Also Like...

Show Comments

Extras

Top Quizzes Today


Score Distribution

Your Account Isn't Verified!

In order to create a playlist on Sporcle, you need to verify the email address you used during registration. Go to your Sporcle Settings to finish the process.

Report this User

Report this user for behavior that violates our Community Guidelines.

Details: